Probability models for economic decisions / (Record no. 1303)

MARC details
000 -LEADER
fixed length control field 01057nac a22002651u 4500
010 ## - LIBRARY OF CONGRESS CONTROL NUMBER
LC control number 2004109025
020 ## - INTERNATIONAL STANDARD BOOK NUMBER
International Standard Book Number 0534423817 (hbk.)
020 ## - INTERNATIONAL STANDARD BOOK NUMBER
International Standard Book Number 0534424686 (CD-ROM)
035 ## - SYSTEM CONTROL NUMBER
System control number (OCoLC)ocm57420489
082 00 - DEWEY DECIMAL CLASSIFICATION NUMBER
Classification number 330.015195
Item number M9968
090 ## - LOCALLY ASSIGNED LC-TYPE CALL NUMBER (OCLC); LOCAL CALL NUMBER (OCLC)
-- 1303
-- 1303
100 ## - MAIN ENTRY--PERSONAL NAME
Personal name Myerson, Roger B.
245 10 - TITLE STATEMENT
Title Probability models for economic decisions /
Statement of responsibility, etc Roger B. Myerson.
260 ## - PUBLICATION, DISTRIBUTION, ETC. (IMPRINT)
Place of publication, distribution, etc Belmont, CA :
Name of publisher, distributor, etc Thomson/Brooke/Cole,
Date of publication, distribution, etc c2005.
300 ## - PHYSICAL DESCRIPTION
Extent xxiv, 397 p. :
Other physical details ill. ;
Dimensions 25 cm. +
Accompanying material 1 CD-ROM (4 3/4 in.)
440 #0 -
-- Duxbury applied series
504 ## - BIBLIOGRAPHY, ETC. NOTE
Bibliography, etc Includes bibliographical references (p. 387-388) and index.
538 ## - SYSTEM DETAILS NOTE
System details note System requirements for accompanying CD-ROM: Microsoft Windows; Microsoft Excel.
650 #0 - SUBJECT ADDED ENTRY--TOPICAL TERM
Topical term or geographic name as entry element Decision making
General subdivision Mathematical models.
650 #0 - SUBJECT ADDED ENTRY--TOPICAL TERM
Topical term or geographic name as entry element Economics, Mathematical.
650 #0 - SUBJECT ADDED ENTRY--TOPICAL TERM
Topical term or geographic name as entry element Probabilities.
650 #0 - SUBJECT ADDED ENTRY--TOPICAL TERM
Topical term or geographic name as entry element Statistical decision.
942 ## - ADDED ENTRY ELEMENTS (KOHA)
Item type Book - Borrowing
Call number prefix 330.015195M9968
Holdings
Withdrawn status Item status Damaged status Not for loan Home library Current library Shelving location Date acquired Source of acquisition Total Checkouts Full call number Barcode Date last seen Koha item type
        Central Library Central Library First floor 31/08/2006 Purchase   330.015195 MYE 000003167 15/07/2025 Book - Borrowing